000 00565nam a2200133Ia 4500
008 220216s9999 xx 000 0 und d
100 _aIdicula S P
245 0 _aComparative efficacy of different copper fungicide formulations and spraying methods in controlling abnormal leaf fall disease of Hevea brasiliensis
260 _bIn: Recent Trends in Plant disease control.(Eds. H.B. Singh, D.N. Upadhyay and L.R. Saha), Today and Tomorrow Publishers, New Delhi, pp. 55-62
700 _aEdathil T T
700 _aJacob C K
700 _aKrishnankutty V
942 _cJS
999 _c55919
_d55919